000 00718nam a22002657a 4500
001 090
003 DO-SdBNP
005 20180130102501.0
007 090
008 151005b1962 sp 00| 0 spa d
020 _a8470021664
040 _aBPMSU
_bspa
_cBPMSU
092 _aXXXX
_bXXXX
100 1 _aLovecraft, H. P.
_qHoward Phillips Lovecraft
245 1 3 _aLa llave de plata /
_cH. P. Lovecraft ; traducción José Ma. Roca
260 _aBarcelona :
_bLitografía Rosés,
_c1962.
300 _a90 p.
_c18 cm.
490 1 _aEl observador
_v55
700 1 2 _aRoca, José Ma.
_etrad.
830 0 _aEl observador
_n55
910 _a202
942 _2ddc
_cBK
945 _aInventariado, 2018 /LP
956 _aYngrid Lockward
_b10
999 _c8526
_d8526